[Event "Barcelona La Lira op 38th"]
[Site "Barcelona"]
[Date "2020.01.17"]
[Round "1"]
[White "Mulet Gomez, Marti"]
[Black "Romero Funieles, Rafael de Jesus"]
[Result "0-1"]
[WhiteElo "1700"]
[BlackElo "1654"]
[PlyCount "62"]
[EventDate "2020.01.17"]
[EventType "swiss"]
[EventRounds "8"]
[EventCountry "ESP"]
[SourceTitle "CBM 195 Extra"]
[Source "ChessBase"]
[SourceDate "2020.05.31"]
[SourceVersion "1"]
[SourceVersionDate "2020.05.31"]
[SourceQuality "1"]

1. e4 e6 2. d4 c5 3. c3 cxd4 4. cxd4 Nf6 5. Nc3 Bb4 6. Bg5 h6 7. Bxf6 Qxf6 8. e5 Qd8 9. Nf3 Qa5 10. Qc2 Nc6 11. Bd3 a6 12. a3 Bxc3+ 13. bxc3 b5 14. 0-0 Bb7 15. Nd2 Rc8 16. Ne4 0-0 17. Qd2 Ne7 18. Nf6+ Kh8 19. Nxd7 Rfd8 20. Nc5 Rxc5 21. dxc5 Be4 22. Qf4 Bxd3 23. Rfd1 Bg6 24. Qh4 Rxd1+ 25. Rxd1 Nd5 26. c4 Qa4 27. Rd4 Qxa3 28. h3 Nc3 29. Rd8+ Kh7 30. c6 Ne2+ 31. Kh2 Qa1 0-1